[Event "ODJM A 2017"]
[Site "Willingen GER"]
[Date "2017.06.10"]
[Round "9"]
[White "Rieper, Julian"]
[Black "Isler, Benjamin"]
[Result "1/2-1/2"]
[Termination "normal"]
[Board "10"]
[WhiteElo "2064"]
[BlackElo "1740"]
[WhiteClock "00:03:32"]
[BlackClock "00:40:59"]
[PlyCount "93"]
[WhiteFideId "12936960"]
[BlackFideId "12975478"]
[EventCountry "GER"]
[EventRounds "9"]
[EventType "swiss"]
[EventDate "2017.06.03"]

1. e4 {[%clk 1:30:55]} 1... e6 {[%clk 1:29:47]} 2. d4 {[%clk 1:26:25]} 2... d5
{[%clk 1:29:58]} 3. Nc3 {[%clk 1:26:44]} 3... Nf6 {[%clk 1:30:01]} 4. Bg5 {
[%clk 1:26:10]} 4... Be7 {[%clk 1:30:08]} 5. e5 {[%clk 1:26:32]} 5... Nfd7 {
[%clk 1:30:32]} 6. h4 {[%clk 1:26:56]} 6... c5 {[%clk 1:28:29]} 7. Bxe7 { [%clk
1:25:11]} 7... Qxe7 {[%clk 1:28:34]} 8. Nb5 {[%clk 1:25:30]} 8... Kd8 { [%clk
1:22:25]} 9. Nd6 {[%clk 1:24:28]} 9... f6 {[%clk 1:22:45]} 10. Nxc8 { [%clk
1:18:19]} 10... Kxc8 {[%clk 1:23:04]} 11. exf6 {[%clk 1:09:05]} 11... Qxf6
{[%clk 1:21:01]} 12. c4 {[%clk 1:08:18]} 12... Qxd4 {[%clk 1:19:44]} 13. Qxd4
{[%clk 1:07:37]} 13... cxd4 {[%clk 1:20:08]} 14. cxd5 {[%clk 1:00:11]} 14...
exd5 {[%clk 1:18:30]} 15. O-O-O {[%clk 0:47:45]} 15... Nc6 { [%clk 1:16:29]}
16. Nf3 {[%clk 0:45:25]} 16... Rf8 {[%clk 1:16:28]} 17. Bb5 { [%clk 0:43:56]}
17... Nb6 {[%clk 1:08:00]} 18. Rhe1 {[%clk 0:43:06]} 18... Kd7 {[%clk 1:06:30]}
19. Rxd4 {[%clk 0:41:34]} 19... Kd6 {[%clk 1:04:57]} 20. Rg4 { [%clk 0:41:24]}
20... Rac8 {[%clk 1:03:27]} 21. Kb1 {[%clk 0:40:43]} 21... Rc7 {[%clk 1:02:53]}
22. Bd3 {[%clk 0:33:36]} 22... h6 {[%clk 1:00:27]} 23. Rg6+ { [%clk 0:32:39]}
23... Rf6 {[%clk 1:00:33]} 24. Rxf6+ {[%clk 0:29:56]} 24... gxf6 {[%clk
1:00:54]} 25. Re8 {[%clk 0:30:03]} 25... Rc8 {[%clk 1:00:10]} 26. Rxc8 {[%clk
0:28:04]} 26... Nxc8 {[%clk 1:00:34]} 27. Bb5 {[%clk 0:25:38]} 27... Kc5 {[%clk
0:59:21]} 28. Bxc6 {[%clk 0:20:22]} 28... bxc6 {[%clk 0:59:41] } 29. Kc2 {[%clk
0:20:30]} 29... Nd6 {[%clk 0:59:06]} 30. Nd2 {[%clk 0:19:25]} 30... Nf5 {[%clk
0:57:34]} 31. h5 {[%clk 0:17:03]} 31... Nd4+ {[%clk 0:54:46]} 32. Kd3 {[%clk
0:14:42]} 32... Ne6 {[%clk 0:54:33]} 33. g3 {[%clk 0:14:59]} 33... f5 {[%clk
0:53:16]} 34. Nf3 {[%clk 0:12:42]} 34... Ng7 {[%clk 0:51:21]} 35. Nd4 {[%clk
0:10:17]} 35... Kd6 {[%clk 0:51:28]} 36. b4 {[%clk 0:10:43]} 36... c5 {[%clk
0:50:20]} 37. bxc5+ {[%clk 0:07:41]} 37... Kxc5 {[%clk 0:50:26] } 38. a3 {[%clk
0:07:54]} 38... a6 {[%clk 0:50:30]} 39. f3 {[%clk 0:07:49]} 39... Kd6 {[%clk
0:48:58]} 40. Ke3 {[%clk 0:06:20]} 40... Ke5 {[%clk 0:48:13]} 41. g4 {[%clk
0:04:53]} 41... Kf6 {[%clk 0:41:22]} 42. Nxf5 {[%clk 0:01:54]} 42... Nxf5+
{[%clk 0:41:32]} 43. gxf5 {[%clk 0:02:18]} 43... Kxf5 { [%clk 0:41:41]} 44. Kd4
{[%clk 0:02:41]} 44... Kf4 {[%clk 0:40:14]} 45. Kxd5 { [%clk 0:02:59]} 45...
Kxf3 {[%clk 0:40:37]} 46. Kc5 {[%clk 0:03:16]} 46... Kg4 {[%clk 0:40:59]} 47.
Kb6 {[%clk 0:03:32]} 1/2-1/2

[Event "ODJM A 2017"]
[Site "Willingen GER"]
[Date "2017.06.10"]
[Round "9"]
[White "Greßmann, Moritz"]
[Black "Riegel, Arinna"]
[Result "1/2-1/2"]
[Termination "normal"]
[Board "11"]
[WhiteElo "2100"]
[BlackElo "1852"]
[WhiteClock "00:34:48"]
[BlackClock "00:08:26"]
[PlyCount "43"]
[WhiteFideId "24695084"]
[BlackFideId "12931446"]
[EventCountry "GER"]
[EventRounds "9"]
[EventType "swiss"]
[EventDate "2017.06.03"]

1. e4 d5 2. exd5 Qxd5 3. Nc3 Qd6 4. d4 Nf6 5. Nf3 c6 6. Ne5 Nbd7 7. Nc4 Qc7 8.
Qf3 Nb6 9. Ne5 e6 10. Bd3 Bd6 11. Bf4 Nbd7 12. Nxd7 Bxd7 13. Bg3 h6 14. O-O-O
O-O-O 15. Rhe1 Bxg3 16. hxg3 Kb8 17. Ne4 Nxe4 18. Bxe4 Rhf8 19. Kb1 e5 20. dxe5
Qxe5 21. Bd3 Qg5 22. Qf4+ 1/2-1/2

[Event "ODJM A 2017"]
[Site "Willingen GER"]
[Date "2017.06.10"]
[Round "9"]
[White "Ortmeier, Leonhard"]
[Black "Wanner, Lukas"]
[Result "1/2-1/2"]
[Termination "normal"]
[Board "12"]
[WhiteElo "1921"]
[BlackElo "2002"]
[WhiteClock "00:53:40"]
[BlackClock "00:29:00"]
[PlyCount "92"]
[WhiteFideId "12993662"]
[BlackFideId "12918148"]
[EventCountry "GER"]
[EventRounds "9"]
[EventType "swiss"]
[EventDate "2017.06.03"]

1. e4 {[%clk 1:30:16]} 1... e5 {[%clk 1:30:44]} 2. Nf3 {[%clk 1:27:55]} 2...
Nc6 {[%clk 1:31:09]} 3. Bc4 {[%clk 1:28:20]} 3... Bc5 {[%clk 1:31:32]} 4. O-O {
[%clk 1:28:42]} 4... Nf6 {[%clk 1:31:26]} 5. d4 {[%clk 1:28:54]} 5... Bxd4 {
[%clk 1:20:46]} 6. Nxd4 {[%clk 1:29:05]} 6... Nxd4 {[%clk 1:21:11]} 7. f4 {
[%clk 1:29:25]} 7... d6 {[%clk 1:21:16]} 8. fxe5 {[%clk 1:29:50]} 8... dxe5 {
[%clk 1:21:40]} 9. Bg5 {[%clk 1:30:16]} 9... Be6 {[%clk 1:20:56]} 10. Na3 {
[%clk 1:30:31]} 10... Qe7 {[%clk 1:12:11]} 11. c3 {[%clk 1:25:41]} 11... Nc6 {
[%clk 1:12:03]} 12. Kh1 {[%clk 1:19:40]} 12... a6 {[%clk 1:03:08]} 13. Qf3 {
[%clk 1:15:59]} 13... Rd8 {[%clk 0:48:45]} 14. Rae1 {[%clk 1:12:03]} 14... b5 {
[%clk 0:47:02]} 15. Bd5 {[%clk 1:11:22]} 15... Bxd5 {[%clk 0:41:14]} 16. exd5 {
[%clk 1:10:01]} 16... Nb8 {[%clk 0:40:47]} 17. c4 {[%clk 1:07:46]} 17... b4 {
[%clk 0:36:16]} 18. Nc2 {[%clk 1:08:04]} 18... Nbd7 {[%clk 0:35:42]} 19. Nd4 {
[%clk 1:07:50]} 19... Ra8 {[%clk 0:29:32]} 20. d6 {[%clk 0:58:00]} 20... e4 {
[%clk 0:29:34]} 21. dxe7 {[%clk 0:57:40]} 21... exf3 {[%clk 0:29:56]} 22. Rxf3
{[%clk 0:56:41]} 22... a5 {[%clk 0:25:11]} 23. Bf4 {[%clk 0:56:32]} 23... Nc5 {
[%clk 0:23:27]} 24. Nb5 {[%clk 0:56:14]} 24... Kd7 {[%clk 0:22:54]} 25. Rd1+ {
[%clk 0:56:11]} 25... Kxe7 {[%clk 0:21:42]} 26. Bxc7 {[%clk 0:56:11]} 26...
Nfe4 {[%clk 0:17:01]} 27. Re1 {[%clk 0:54:59]} 27... Ra6 {[%clk 0:12:52]} 28.
Rf5 {[%clk 0:50:41]} 28... Re6 {[%clk 0:12:41]} 29. Kg1 {[%clk 0:50:38]} 29...
a4 {[%clk 0:09:46]} 30. Nd4 {[%clk 0:49:48]} 30... Rc8 {[%clk 0:08:50]} 31. Ba5
{[%clk 0:47:40]} 31... b3 {[%clk 0:06:41]} 32. axb3 {[%clk 0:44:34]} 32... axb3
{[%clk 0:06:58]} 33. Nxe6 {[%clk 0:44:27]} 33... fxe6 {[%clk 0:07:25]} 34. Rh5
{[%clk 0:43:27]} 34... Kf6 {[%clk 0:06:52]} 35. Bb6 {[%clk 0:43:14]} 35... h6 {
[%clk 0:05:59]} 36. Rh4 {[%clk 0:41:03]} 36... Kf5 {[%clk 0:05:03]} 37. Bxc5 {
[%clk 0:40:22]} 37... Nxc5 {[%clk 0:05:27]} 38. Re3 {[%clk 0:39:12]} 38... Rd8
{[%clk 0:04:49]} 39. Rh5+ {[%clk 0:35:50]} 39... g5 {[%clk 0:05:13]} 40. Rxh6 {
[%clk 0:33:20]} 40... Rd2 {[%clk 0:04:43]} 41. h3 {[%clk 0:25:34]} 41... Rxb2 {
[%clk 0:04:09]} 42. g4+ {[%clk 0:22:36]} 42... Kf4 {[%clk 0:04:29]} 43. Re1 {
[%clk 0:22:57]} 43... Kg3 {[%clk 0:28:05]} 44. Re3+ {[%clk 0:53:31]} 44... Kf4
{[%clk 0:28:30]} 45. Re1 {[%clk 0:53:35]} 45... Kg3 {[%clk 0:28:37]} 46. Re3+ {
[%clk 0:53:40]} 46... Kf4 {[%clk 0:29:00]} 1/2-1/2

[Event "ODJM A 2017"]
[Site "Willingen GER"]
[Date "2017.06.10"]
[Round "9"]
[White "Orshonova, Elena"]
[Black "Bui, Hai Lam"]
[Result "1-0"]
[Termination "normal"]
[Board "13"]
[WhiteTitle "WFM"]
[WhiteElo "2019"]
[BlackElo "1916"]
[PlyCount "111"]
[WhiteFideId "24174750"]
[BlackFideId "12975737"]
[EventCountry "GER"]
[EventRounds "9"]
[EventType "swiss"]
[EventDate "2017.06.03"]

1. e4 e6 2. d4 b6 3. Bd3 Bb7 4. Ne2 d6 5. O-O g6 6. Nd2 Bg7 7. c3 Ne7 8. f4 Nd7
9. Kh1 a6 10. Rb1 O-O 11. f5 Nf6 12. fxe6 fxe6 13. Nf4 Qd7 14. Bc4 d5 15. Bb3
c5 16. e5 Ne8 17. Nf3 Nf5 18. Ng5 Nc7 19. Bc2 Qe7 20. Nf3 a5 21. g4 Nh6 22. h3
Ba6 23. Rf2 Rf7 24. Be3 Raf8 25. Nxg6 hxg6 26. Bxg6 Bb5 27. Bxf7+ Nxf7 28. Qg1
Bd3 29. Rd1 Be4 30. Kh2 Na6 31. a3 Nb8 32. Qg3 Nd7 33. Kg1 Nh6 34. Ng5 Bg6 35.
Rxf8+ Nxf8 36. h4 Nh7 37. Rf1 Nf7 38. Nxf7 Bxf7 39. Kh2 c4 40. Kh3 Qd8 41. Qf4
Qe7 42. Kg3 Bg6 43. h5 Bd3 44. Rf2 Qf8 45. Qxf8+ Bxf8 46. Kh4 Be7+ 47. g5 Bf5
48. a4 Nf8 49. Kg3 Be4 50. Kg4 Bf5+ 51. Rxf5 exf5+ 52. Kxf5 Kg7 53. g6 Bh4 54.
e6 Bd8 55. Bf4 Be7 56. Be5+ 1-0

[Event "ODJM A 2017"]
[Site "Willingen GER"]
[Date "2017.06.10"]
[Round "9"]
[White "Bold, Andre"]
[Black "Stemmler, Fabian"]
[Result "1/2-1/2"]
[Termination "normal"]
[Board "14"]
[WhiteElo "1905"]
[BlackElo "1982"]
[PlyCount "83"]
[WhiteFideId "16208471"]
[BlackFideId "12964808"]
[EventCountry "GER"]
[EventRounds "9"]
[EventType "swiss"]
[EventDate "2017.06.03"]

1. e4 e6 2. d4 d5 3. Nd2 Nf6 4. e5 Nfd7 5. Bd3 c5 6. c3 Nc6 7. Ne2 cxd4 8. cxd4
f6 9. exf6 Nxf6 10. Nf3 Bd6 11. O-O Qc7 12. Nc3 a6 13. Bg5 O-O 14. Re1 Bd7 15.
Rc1 Rae8 16. Bh4 Qb8 17. Bb1 b5 18. Bg3 b4 19. Bxd6 Qxd6 20. Ne2 e5 21. dxe5
Nxe5 22. Nxe5 Rxe5 23. Ng3 Ng4 24. Rxe5 Qxe5 25. Rc2 Bb5 26. h3 Nf6 27. Rd2 Re8
28. Bd3 Bxd3 29. Rxd3 Qxb2 30. Rd2 Qc3 31. Re2 Qc6 32. Rxe8+ Qxe8 33. Nf5 Qd7
34. Qd3 a5 35. Ne3 Qb7 36. Qf5 Qc6 37. Qe5 Qd7 38. Nf5 a4 39. g4 h6 40. Qb8+
Qe8 41. Qxb4 Qd7 42. Qb8+ 1/2-1/2

[Event "ODJM A 2017"]
[Site "Willingen GER"]
[Date "2017.06.10"]
[Round "9"]
[White "Schimnatkowski, Lukas"]
[Black "Steffens, Oliver"]
[Result "1-0"]
[Termination "normal"]
[Board "15"]
[WhiteElo "2021"]
[BlackElo "1948"]
[PlyCount "33"]
[WhiteFideId "12936723"]
[BlackFideId "12947148"]
[EventCountry "GER"]
[EventRounds "9"]
[EventType "swiss"]
[EventDate "2017.06.03"]

1. Nf3 Nf6 2. g3 g6 3. Bg2 Bg7 4. O-O O-O 5. d3 d6 6. e4 e5 7. c3 c6 8. a4 Qc7
9. Re1 Re8 10. Na3 Nbd7 11. b4 d5 12. a5 b6 13. axb6 axb6 14. Nb5 cxb5 15. Rxa8
Qxc3 16. Bd2 Qxd3 17. Bf1 1-0

[Event "ODJM A 2017"]
[Site "Willingen GER"]
[Date "2017.06.10"]
[Round "9"]
[White "Garbuz, Vitaliy"]
[Black "Lüßmann, Thomas"]
[Result "1/2-1/2"]
[Termination "normal"]
[Board "16"]
[WhiteElo "1841"]
[BlackElo "1952"]
[PlyCount "97"]
[WhiteFideId "12990710"]
[BlackFideId "1270602"]
[EventCountry "GER"]
[EventRounds "9"]
[EventType "swiss"]
[EventDate "2017.06.03"]

1. e4 e6 2. d4 d5 3. Nd2 dxe4 4. Nxe4 Nd7 5. Nf3 Ngf6 6. Nxf6+ Nxf6 7. c3 c5 8.
Be3 Qc7 9. Ne5 a6 10. Qa4+ Nd7 11. Bb5 cxd4 12. Bxd7+ Bxd7 13. Qxd4 f6 14. Nxd7
Qxd7 15. O-O-O Qxd4 16. Bxd4 O-O-O 17. a4 Bd6 18. Kc2 Kc7 19. a5 Kc6 20. Rhe1
Rhe8 21. Bb6 Rc8 22. Re4 e5 23. b4 Kd7 24. c4 Ke6 25. Kb3 f5 26. Re2 e4 27. f3
Bxh2 28. fxe4 Kf7 29. g4 Bc7 30. Rd7+ Re7 31. Rxe7+ Kxe7 32. exf5+ Kf7 33. Bc5
Re8 34. Rd2 Rd8 35. Rxd8 Bxd8 36. Kc3 g6 37. fxg6+ Kxg6 38. Be3 Bg5 39. Bd4 Bf4
40. c5 Kg5 41. Kc4 Kxg4 42. b5 axb5+ 43. Kxb5 Bc7 44. a6 bxa6+ 45. Kxa6 h5 46.
Kb7 Bg3 47. c6 h4 48. c7 Bxc7 49. Kxc7 1/2-1/2

[Event "ODJM A 2017"]
[Site "Willingen GER"]
[Date "2017.06.10"]
[Round "9"]
[White "Seregina, Maria"]
[Black "Longo, Claudio"]
[Result "1-0"]
[Termination "normal"]
[Board "17"]
[WhiteElo "1829"]
[BlackElo "1979"]
[PlyCount "43"]
[WhiteFideId "24178853"]
[BlackFideId "12994766"]
[EventCountry "GER"]
[EventRounds "9"]
[EventType "swiss"]
[EventDate "2017.06.03"]

1. f4 d5 2. Nf3 Nf6 3. g3 g6 4. Bg2 Bg7 5. d3 d4 6. c3 dxc3 7. bxc3 O-O 8. e4
c5 9. O-O Nc6 10. h3 c4 11. e5 Nh5 12. Kh2 Bh6 13. d4 Be6 14. Nh4 Qd7 15. f5
Bxc1 16. fxe6 fxe6 17. Qxc1 Rxf1 18. Qxf1 Rf8 19. Qe2 Nxd4 20. Qd2 g5 21. Qxg5+
Ng7 22. Qd2 1-0

[Event "ODJM A 2017"]
[Site "Willingen GER"]
[Date "2017.06.10"]
[Round "9"]
[White "Grund, Sebastian"]
[Black "Hinrichs, Niklas"]
[Result "1-0"]
[Termination "normal"]
[Board "18"]
[WhiteElo "1840"]
[BlackElo "1930"]
[PlyCount "63"]
[WhiteFideId "12988626"]
[BlackFideId "12942499"]
[EventCountry "GER"]
[EventRounds "9"]
[EventType "swiss"]
[EventDate "2017.06.03"]

1. d4 d5 2. Nf3 Nf6 3. c4 c6 4. Nc3 e6 5. g3 Nbd7 6. Bg2 Bd6 7. O-O O-O 8. Nd2
a6 9. e4 dxe4 10. Ndxe4 Be7 11. Qe2 Nxe4 12. Nxe4 b5 13. Nc3 Bb7 14. d5 cxd5
15. cxd5 exd5 16. Nxd5 Bxd5 17. Bxd5 Ra7 18. Rd1 Bc5 19. Bf4 Qb6 20. Rac1 h6
21. h4 Qf6 22. b4 Bxb4 23. Be3 Re8 24. Qg4 Rxe3 25. fxe3 Qe7 26. Rc8+ Nf8 27.
Qd4 Rd7 28. h5 Qg5 29. Qxb4 Qxg3+ 30. Kf1 Qh3+ 31. Kf2 Qf5+ 32. Ke1 1-0

[Event "ODJM A 2017"]
[Site "Willingen GER"]
[Date "2017.06.10"]
[Round "9"]
[White "Koch, Yannick"]
[Black "Ostra, Noah"]
[Result "1-0"]
[Termination "normal"]
[Board "19"]
[WhiteElo "1927"]
[BlackElo "1647"]
[PlyCount "35"]
[WhiteFideId "24661678"]
[BlackFideId "16228979"]
[EventCountry "GER"]
[EventRounds "9"]
[EventType "swiss"]
[EventDate "2017.06.03"]

1. d4 d5 2. Nf3 Nf6 3. e3 c5 4. b3 Nc6 5. Bd3 Bg4 6. Bb2 e6 7. O-O Be7 8. Nbd2
O-O 9. a3 Rc8 10. Qe1 Qc7 11. Ne5 Nxe5 12. dxe5 Nd7 13. f4 f6 14. Bxh7+ Kxh7
15. Qh4+ Kg8 16. Qxg4 Qc6 17. Nf3 c4 18. Nd4 1-0

[Event "ODJM A 2017"]
[Site "Willingen GER"]
[Date "2017.06.10"]
[Round "9"]
[White "Fistoul, Boris"]
[Black "Rudolph, Eva"]
[Result "1-0"]
[Termination "normal"]
[Board "20"]
[WhiteElo "1902"]
[BlackElo "1679"]
[PlyCount "55"]
[WhiteFideId "12953962"]
[BlackFideId "16200594"]
[EventCountry "GER"]
[EventRounds "9"]
[EventType "swiss"]
[EventDate "2017.06.03"]

1. d4 d5 2. c4 e6 3. Nc3 Nf6 4. Bg5 Be7 5. e3 Nbd7 6. cxd5 exd5 7. Bd3 c6 8.
Qc2 h6 9. Bh4 Nh5 10. Bxe7 Qxe7 11. Nf3 Nb6 12. O-O O-O 13. a4 a5 14. Ne5 Qg5
15. f4 Qd8 16. g4 Nf6 17. g5 hxg5 18. fxg5 Nfd7 19. Bh7+ Kh8 20. Nxf7+ Rxf7 21.
Rxf7 Qxg5+ 22. Kh1 Qh6 23. Raf1 g5 24. Bg6 Nc4 25. Rh7+ Qxh7 26. Bxh7 b6 27.
Qg6 Bb7 28. Rf7 1-0

[Event "ODJM A 2017"]
[Site "Willingen GER"]
[Date "2017.06.10"]
[Round "9"]
[White "Helmer, Jan"]
[Black "Terhuven, Patrick"]
[Result "1/2-1/2"]
[Termination "normal"]
[Board "22"]
[WhiteElo "1849"]
[BlackElo "2171"]
[PlyCount "111"]
[WhiteFideId "12956686"]
[BlackFideId "12919098"]
[EventCountry "GER"]
[EventRounds "9"]
[EventType "swiss"]
[EventDate "2017.06.03"]

1. d4 g6 2. Nf3 Nf6 3. Nc3 c5 4. dxc5 Qa5 5. Be3 Bg7 6. Nd2 Ng4 7. Nb3 Nxe3 8.
Nxa5 Bxc3+ 9. bxc3 Nxd1 10. Rxd1 Na6 11. Nb3 b6 12. cxb6 axb6 13. a4 Nc5 14.
Nxc5 bxc5 15. Ra1 Bb7 16. e3 Bc6 17. a5 Kd8 18. f3 Kc7 19. e4 Rhb8 20. Kd2 Bb5
21. Bxb5 Rxb5 22. a6 Kb6 23. c4 Rb4 24. Rhb1 Rxa6 25. Rxb4+ cxb4 26. c5+ Kb5
27. Rxa6 Kxa6 28. Kd3 Kb5 29. Kd4 e6 30. e5 g5 31. g4 h6 32. h3 b3 33. cxb3 Kb4
34. f4 Kxb3 35. fxg5 hxg5 36. c6 dxc6 37. Kc5 Kc3 38. Kxc6 Kd4 39. Kd6 Ke4 40.
Ke7 Kxe5 41. Kxf7 Kd5 42. Kf6 e5 43. h4 gxh4 44. g5 h3 45. g6 h2 46. g7 h1=Q
47. g8=Q+ Kd4 48. Qd8+ Qd5 49. Qb6+ Ke4 50. Qb1+ Ke3 51. Qe1+ Kd4 52. Qa1+ Ke4
53. Qe1+ Kd4 54. Qa1+ Ke3 55. Qxe5+ Qxe5+ 56. Kxe5 1/2-1/2

[Event "ODJM A 2017"]
[Site "Willingen GER"]
[Date "2017.06.10"]
[Round "9"]
[White "Meyer, Henrik"]
[Black "Fuhrmann, Åke"]
[Result "1-0"]
[Termination "normal"]
[Board "23"]
[WhiteElo "2125"]
[BlackElo "1793"]
[PlyCount "111"]
[WhiteFideId "12958182"]
[BlackFideId "12983853"]
[EventCountry "GER"]
[EventRounds "9"]
[EventType "swiss"]
[EventDate "2017.06.03"]

1. e4 c5 2. b4 cxb4 3. Bb2 d5 4. exd5 Nf6 5. a3 e6 6. dxe6 Bxe6 7. Nf3 Nc6 8.
Bb5 a6 9. Bxc6+ bxc6 10. axb4 Bxb4 11. O-O O-O 12. Nc3 Bg4 13. h3 Bh5 14. g4
Nxg4 15. hxg4 Bxg4 16. Ne4 Qd5 17. d3 Qh5 18. Ng3 Qd5 19. Kg2 h5 20. c4 Qe6 21.
Rh1 Qh6 22. Qc1 Bxf3+ 23. Kxf3 Bd2 24. Qd1 h4 25. Rxh4 Qxh4 26. Qxd2 f5 27. Qf4
Qg4+ 28. Qxg4 fxg4+ 29. Kxg4 Rxf2 30. Be5 c5 31. Ra5 Rd2 32. Rxc5 Rxd3 33. Rc7
a5 34. Rxg7+ Kf8 35. Rh7 Re8 36. Bf4 Rd4 37. c5 Rc4 38. Rc7 Re7 39. Rc8+ Kf7
40. Kg5 a4 41. Bd6 Re3 42. Rc7+ Kg8 43. Kg6 Rg4+ 44. Kf6 Rgxg3 45. Bxg3 Rxg3
46. Ra7 Rf3+ 47. Ke5 Kf8 48. Rxa4 Ke8 49. Ra7 Kd8 50. Kd5 Kc8 51. Kc4 Rf1 52.
Kb5 Rc1 53. Kb6 Rg1 54. c6 Kb8 55. Rh7 Rg8 56. Rb7+ 1-0

[Event "ODJM A 2017"]
[Site "Willingen GER"]
[Date "2017.06.10"]
[Round "9"]
[White "Dette, Jan"]
[Black "Doll, Alexander"]
[Result "1-0"]
[Termination "normal"]
[Board "24"]
[WhiteElo "2032"]
[BlackElo "1784"]
[PlyCount "29"]
[WhiteFideId "12936677"]
[BlackFideId "16228294"]
[EventCountry "GER"]
[EventRounds "9"]
[EventType "swiss"]
[EventDate "2017.06.03"]

1. e4 e5 2. Bc4 Nf6 3. d4 exd4 4. Nf3 Nc6 5. O-O Bc5 6. e5 d5 7. exf6 dxc4 8.
fxg7 Rg8 9. Bg5 Qd5 10. Nc3 Qf5 11. Re1+ Be6 12. Ne4 Be7 13. Bxe7 Nxe7 14. Qxd4
Nd5 15. Ng3 1-0

[Event "ODJM A 2017"]
[Site "Willingen GER"]
[Date "2017.06.10"]
[Round "9"]
[White "Gorainow, Nikita"]
[Black "Knudsen, Simon"]
[Result "1/2-1/2"]
[Termination "normal"]
[Board "25"]
[WhiteElo "1812"]
[BlackElo "2004"]
[PlyCount "41"]
[WhiteFideId "12970093"]
[BlackFideId "12985546"]
[EventCountry "GER"]
[EventRounds "9"]
[EventType "swiss"]
[EventDate "2017.06.03"]

1. e4 c5 2. Nf3 d6 3. d4 cxd4 4. Nxd4 Nf6 5. Nc3 a6 6. Bg5 e6 7. f4 Be7 8. Qf3
h6 9. Bh4 g5 10. fxg5 Nfd7 11. Nxe6 fxe6 12. Qh5+ Kf8 13. Bb5 Rh7 14. O-O+ Kg8
15. g6 Rg7 16. Rf7 Bxh4 17. Qxh6 Qf6 18. Rxf6 Bxf6 19. Be2 Bd4+ 20. Kh1 Ne5 21.
Bh5 1/2-1/2

[Event "ODJM A 2017"]
[Site "Willingen GER"]
[Date "2017.06.10"]
[Round "9"]
[White "Mantel, Ruben"]
[Black "Faulhaber, Tobias"]
[Result "1/2-1/2"]
[Termination "normal"]
[Board "26"]
[WhiteElo "1961"]
[BlackElo "1850"]
[PlyCount "43"]
[WhiteFideId "12930121"]
[BlackFideId "1271914"]
[EventCountry "GER"]
[EventRounds "9"]
[EventType "swiss"]
[EventDate "2017.06.03"]

1. d4 Nf6 2. Nf3 c5 3. e3 e6 4. g3 d5 5. Bg2 Nc6 6. O-O Bd6 7. c4 O-O 8. cxd5
exd5 9. b3 Bg4 10. dxc5 Bxc5 11. Bb2 Ne4 12. Nbd2 Re8 13. h3 Bh5 14. g4 Bg6 15.
a3 a5 16. Nxe4 Bxe4 17. Nd4 Nxd4 18. Bxd4 Bxg2 19. Kxg2 Qe7 20. Bxc5 Qxc5 21.
Qf3 Rad8 22. Rad1 1/2-1/2

[Event "ODJM A 2017"]
[Site "Willingen GER"]
[Date "2017.06.10"]
[Round "9"]
[White "Schumann, Oliver"]
[Black "Joeres, Stefan"]
[Result "0-1"]
[Termination "normal"]
[Board "27"]
[WhiteElo "1875"]
[BlackElo "1995"]
[PlyCount "40"]
[WhiteFideId "1270397"]
[BlackFideId "12983160"]
[EventCountry "GER"]
[EventRounds "9"]
[EventType "swiss"]
[EventDate "2017.06.03"]

1. e4 c5 2. Nf3 Nc6 3. d4 cxd4 4. Nxd4 g6 5. Nc3 Bg7 6. Be3 Nf6 7. h3 O-O 8.
Qd2 d5 9. exd5 Nxd5 10. Nxd5 Qxd5 11. Nxc6 Qxc6 12. O-O-O Bf5 13. Bd3 Rfd8 14.
Qe2 Bxd3 15. Rxd3 Rxd3 16. Qxd3 Qxg2 17. Qd1 h5 18. h4 Qe4 19. Bg5 Rc8 20. Kb1
Rxc2 0-1

[Event "ODJM A 2017"]
[Site "Willingen GER"]
[Date "2017.06.10"]
[Round "9"]
[White "Göttel, Tobias"]
[Black "Greßmann, Hanna"]
[Result "1/2-1/2"]
[Termination "normal"]
[Board "28"]
[WhiteElo "1976"]
[BlackElo "1840"]
[PlyCount "40"]
[WhiteFideId "24693316"]
[BlackFideId "12930709"]
[EventCountry "GER"]
[EventRounds "9"]
[EventType "swiss"]
[EventDate "2017.06.03"]

1. e4 e5 2. Nf3 Nc6 3. Bb5 Nf6 4. O-O Be7 5. d3 d6 6. c3 O-O 7. Nbd2 a6 8. Ba4
b5 9. Bb3 Na5 10. Bc2 c5 11. d4 exd4 12. cxd4 Bg4 13. h3 Bh5 14. e5 dxe5 15.
dxc5 Bxc5 16. g4 Bg6 17. Nxe5 Rc8 18. Nxg6 hxg6 19. Nf3 Qxd1 20. Bxd1 Bb6
1/2-1/2

[Event "ODJM A 2017"]
[Site "Willingen GER"]
[Date "2017.06.10"]
[Round "9"]
[White "Diegel, Jonas"]
[Black "Wiesner, Alexander"]
[Result "0-1"]
[Termination "normal"]
[Board "29"]
[WhiteElo "1554"]
[BlackElo "1917"]
[PlyCount "48"]
[WhiteFideId "16206061"]
[BlackFideId "12943991"]
[EventCountry "GER"]
[EventRounds "9"]
[EventType "swiss"]
[EventDate "2017.06.03"]

1. d4 e6 2. c4 Bb4+ 3. Bd2 c5 4. e3 Nc6 5. Nf3 Nf6 6. Nc3 O-O 7. Be2 b6 8. O-O
Bb7 9. Rc1 Bxc3 10. Bxc3 Ne4 11. b3 f5 12. Ba1 Ne7 13. dxc5 bxc5 14. Qc2 Ng6
15. Rfd1 Rf7 16. Bd3 Ng5 17. Ne1 Bxg2 18. Kxg2 Nh4+ 19. Kf1 Nh3 20. Be5 Qg5 21.
Bg3 e5 22. Qe2 f4 23. Nf3 fxg3 24. Nxh4 gxh2 0-1

[Event "ODJM A 2017"]
[Site "Willingen GER"]
[Date "2017.06.10"]
[Round "9"]
[White "Erezhep, Assylzhan"]
[Black "Reitz, Philipp"]
[Result "0-1"]
[Termination "normal"]
[Board "30"]
[WhiteElo "1753"]
[BlackElo "1954"]
[PlyCount "50"]
[WhiteFideId "13712144"]
[BlackFideId "12973297"]
[EventCountry "GER"]
[EventRounds "9"]
[EventType "swiss"]
[EventDate "2017.06.03"]

1. e4 c5 2. Nc3 a6 3. g3 b5 4. a3 Bb7 5. Bg2 e6 6. d3 Nf6 7. Nge2 d5 8. exd5
Nxd5 9. O-O Be7 10. Nxd5 Bxd5 11. c4 Bxg2 12. Kxg2 O-O 13. Bf4 Nc6 14. Rc1 Ra7
15. Qc2 b4 16. a4 Bg5 17. Be3 Bxe3 18. fxe3 Ne5 19. Rcd1 Qa8+ 20. e4 Ng4 21.
Rf3 Rd7 22. h3 Ne5 23. Rff1 Rxd3 24. Rf4 Rxd1 25. Qxd1 g5 0-1

[Event "ODJM A 2017"]
[Site "Willingen GER"]
[Date "2017.06.10"]
[Round "9"]
[White "Dechant, Georg"]
[Black "Schilay, Lorenz"]
[Result "0-1"]
[Termination "normal"]
[Board "31"]
[WhiteElo "2031"]
[BlackElo "1875"]
[PlyCount "50"]
[WhiteFideId "12956716"]
[BlackFideId "12930180"]
[EventCountry "GER"]
[EventRounds "9"]
[EventType "swiss"]
[EventDate "2017.06.03"]

1. e4 e5 2. Nf3 Nc6 3. Bb5 a6 4. Ba4 d6 5. c3 f5 6. exf5 Bxf5 7. O-O Bd3 8. Re1
Be7 9. Bc2 Bxc2 10. Qxc2 Nf6 11. d4 e4 12. Ng5 d5 13. f3 h6 14. fxe4 hxg5 15.
exd5 Qxd5 16. Qg6+ Qf7 17. Qxg5 O-O-O 18. Nd2 Rh5 19. Qe3 Rxh2 20. Nf3 Rhh8 21.
Ng5 Qh5 22. Qe6+ Nd7 23. Nf3 Rdf8 24. Qe2 Qh1+ 25. Kf2 Bh4+ 0-1